| 000 | 00390nam a22001337a 4500 | ||
|---|---|---|---|
| 008 | 141210b xxu||||| |||| 00| 0 eng d | ||
| 020 | _a063115275X | ||
| 100 |
_aRuse, Michael _913209 |
||
| 245 |
_aHomosexuality _cMichael Ruse |
||
| 260 |
_aOxford _bBasil Blackwell _c1988 |
||
| 300 |
_axi, 299p. ; _c23cm. |
||
| 650 |
_aHomosexuality _xpsychological aspects _913210 |
||
| 942 |
_2lcc _cMONOGRAPH |
||
| 999 |
_c121437 _d121437 |
||